Responses for Show #4387 - Tuesday, October 7, 2003

Game data retrieved from an alternate archive.

Contestants

[<< previous game]

Alison Haertjens, a human resources system specialist originally from Readington, New Jersey

Jeremy Harmon, a travel accountant originally from Muncie, Indiana

Amy Carruthers, a homemaker from Culver, South Carolina (whose 1-day cash winnings total $16,375)

[next game >>]

Jeopardy! Round responses

DATELINE: 1903
GOLF COURSES
FASHION HISTORY
OSCAR WILDE & CRAZY GUY
THE SHAPE OF THINGS
MIXED FRUIT
    $200 21
Henry Ford

Amy
    $200 26
Augusta

Jeremy
    $200 16
gold

Alison
    $200 9
breakfast

Amy
    $200 6
square

Jeremy
    $200 1
lime

Alison
    $400 22
Theodore Roosevelt

Alison
    $400 27
Pebble Beach

Jeremy
    $400 17
shoes

Amy
    $400 10
Gilbert & Sullivan

Jeremy
    $400 7
v

Alison
    $400 2
orange

Alison
    $1,000 23
(Alison: Who is Nicholas?)

Lenin

Alison
    $600 28
(Jeremy: What is Eagle?)
(Alison: What is Birdie?)

Double Eagle

JeremyAlison
Triple Stumper
    $600 18
(Amy: What are corsets?)

hats

AmyAlison
    $600 11
(Alison: What is hurts?)

kills

Alison
Triple Stumper
    $600 8
spiral

Amy
    $600 3
peach

Amy
    $800 24
(Jeremy: What is Ecuador?)

Panama

Jeremy
Triple Stumper
    $800 29
St. Andrews

Jeremy
    $800 19
(Alison: What is cubic zirconia?)
(Jeremy: What is paste?)

rhinestones

JeremyAlison
Triple Stumper
    $800 13
the truth

Jeremy
    $800 12
a dome

Amy
    $800 4
honeydew

Triple Stumper
    $1000 25
Pius

Triple Stumper
    $1000 30
(Jeremy: What is Myrtle Beach?)

Hilton Head

AmyJeremy
    $1000 20
Beau Brummel

Amy
    $1000 14
excess

Jeremy
    $1000 15
the Circle Line

Amy
    $1000 5
tangerine

Alison

Scores at the first commercial break (after clue 15):

Amy Jeremy Alison
$3,200 $2,400 $1,400

Scores at the end of the Jeopardy! Round:

Amy Jeremy Alison
$5,200 $600 $200

Double Jeopardy! Round responses

MEET ME IN ST. LOUIS
BABES IN TOYLAND
EASTER PARADE
HIGH SOCIETY
ON THE "TOWN"
MOVIE MUSICALS
    $400 17
Busch

Jeremy
    $400 12
Buzz Lightyear

Amy
    $400 22
spring

Alison
    $400 11
duke

Triple Stumper
    $400 1
town meeting

Jeremy
    $400 6
The Sound of Music

Alison
    $800 18
(Alison: What is Mexican?)

Italian

JeremyAlison
    $800 13
Legos

Alison
    $800 23
the lily

Jeremy
    $800 27
(Jeremy: Who is Guggenheim?)

Astor

AmyJeremy
    $800 2
Boy's Town

Alison
    $800 7
South Pacific

Amy
    $1200 19
(Jeremy: What is a casino?)

a steamboat

JeremyAlison
    $1200 14
Etch-A-Sketch

Amy
    $1200 24
Chile

Alison
    $1200 28
Sicily

Triple Stumper
    $1200 3
Capetown

Alison
    $1200 8
Grease

Jeremy
    $1,400 20
(Alison: What is the Gateway Arch?)

the Louisiana Purchase

Alison
    $1600 15
Lite Brite

Alison
    $1600 25
Ireland

Jeremy
    $1600 29
a debutante

Alison
    $1600 4
the town crier

Jeremy
    $1600 9
Moulin Rouge

Jeremy
    $2000 21
the Post-Dispatch

Jeremy
    $2000 16
Tonka

Jeremy
    $2000 26
Fabergé

Amy
    $2,000 30
(Alison: [Exhales and slightly shakes head])

Peerage

Alison
    $2000 5
Our Town

Amy
    $2000 10
(Alison: What is Philadelphia?)

The Philadelphia Story

JeremyAlison

Scores at the end of the Double Jeopardy! Round:

Amy Jeremy Alison
$12,400 $13,000 $3,200

[wagering suggestions for these scores]

Final Jeopardy! Round responses

FAMOUS LASTS
AlisonWhat is ?
$0
AmyWhat is Mir Space Station?
$12,350
JeremyWhat is the Mir Space Station?
$11,801
Mir Space Station

Final scores:

Amy Jeremy Alison
$24,750 $24,801 $3,200
2nd place: $2,000 New champion: $24,801 3rd place: $1,000

Game dynamics:

Coryat scores:

Amy Jeremy Alison
$12,400 $13,000 $7,600
15 R,
1 W
18 R,
6 W
16 R,
8 W
(including 3 DDs)

Combined Coryat: $33,000

[game clues] [game scores] [suggest correction]

Game tape date: 2003-07-30
The J! Archive is created by fans, for fans. Scraping, republication, monetization, and malicious use prohibited; this site may use cookies and collect identifying information. See terms. The Jeopardy! game show and all elements thereof, including but not limited to copyright and trademark thereto, are the property of Jeopardy Productions, Inc. and are protected under law. This website is not affiliated with, sponsored by, or operated by Jeopardy Productions, Inc. Join the discussion at JBoard.tv.